=LDR 00000nam 2200000 4500 =001 INLIS000000000010437 =005 20130612102114 =008 ***********************************Ind** =035 ##$$0010-061300000010437 =041 ##$$a Ind =082 ##$$a 621.31 =090 ##$$a 621.31, Abd d =100 ##$$a ABDUH, Syamsir =245 ##$$a Dasar pembangkitan dan pengukuran teknik tegangan tinggi =260 ##$$a 2001 $b Jakarta =300 ##$$a ix, 99 hlm, ilus, 26 cm =650 ##$$a Tegangan Tinggi =850 ##$$a NBPNMAT